[Event "12. Longericher Sommer-Open B"]
[Site "Köln"]
[Date "2015.08.01"]
[Round "3.12"]
[White "Wilde, Christian"]
[Black "Falge, Rainer"]
[Result "0-1"]
[WhiteElo "1157"]
[BlackElo "1572"]
[PlyCount "72"]
[EventDate "2015.??.??"]
[WhiteTeam "SF Köln-Longerich"]
[BlackTeam "SG Solingen"]

1. c4 d6 2. d4 Nf6 3. Nc3 g6 4. g3 Bg7 5. e4 c5 6. dxc5 Qa5 7. Qa4+ Qxa4 8.
Nxa4 Nxe4 9. cxd6 Bd7 10. Bg2 Nxd6 11. Nc5 Bc6 12. Bxc6+ Nxc6 13. Nxb7 Nxb7 14.
Nf3 O-O 15. O-O Nd4 16. Nxd4 Bxd4 17. Bd2 Rfd8 18. Bb4 Bc5 19. Bc3 Nd6 20. b4
Ne4 21. bxc5 Nxc3 22. Kg2 Rd2 23. a4 Rc8 24. Ra3 Ne4 25. Re3 f5 26. g4 e6 27.
h4 Kf7 28. h5 Rxc5 29. hxg6+ hxg6 30. gxf5 exf5 31. Rb3 Ra5 32. Rb4 Rc2 33.
Rb7+ Kf6 34. Rb4 Nd2 35. Re1 Rxc4 36. Rb7 Raxa4 0-1

[Event "12. Longericher Sommer-Open B"]
[Site "Köln"]
[Date "2015.08.01"]
[Round "3.13"]
[White "Sewald, Jörg"]
[Black "Geitner, Alexander"]
[Result "1-0"]
[WhiteElo "1565"]
[BlackElo "1264"]
[PlyCount "79"]
[EventDate "2015.??.??"]
[WhiteTeam "SF Esch"]
[BlackTeam "Brühler SK"]

1. b3 e5 2. Bb2 Nc6 3. g3 d5 4. Bg2 Nf6 5. d3 Bg4 6. h3 Bh5 7. g4 Bg6 8. Nd2 d4
9. a3 h6 10. Nc4 Rb8 11. Bxc6+ bxc6 12. Nxe5 Qd5 13. Ngf3 c5 14. e4 dxe3 15.
fxe3 Bd6 16. e4 Qb7 17. Nxg6 fxg6 18. e5 Bxe5 19. Bxe5 O-O 20. O-O Nd5 21. Qe2
Rbe8 22. Qe4 c6 23. Rae1 Nf6 24. Qc4+ Nd5 25. Qxc5 Qb6 26. Bd4 Rxe1 27. Nxe1
Rxf1+ 28. Kxf1 Qc7 29. Qxa7 Qf4+ 30. Bf2 Qh2 31. Qa8+ Kh7 32. Qc8 Nf4 33. Qxc6
Qxh3+ 34. Ng2 Qxg4 35. Nxf4 Qxf4 36. a4 Qc1+ 37. Ke2 Qb2 38. Kd2 Qe5 39. Qc5
Qf4+ 40. Kc3 1-0

[Event "12. Longericher Sommer-Open B"]
[Site "Köln"]
[Date "2015.08.01"]
[Round "3.14"]
[White "Thierkopf, Constantin"]
[Black "Mennicken, Leonardo"]
[Result "1-0"]
[WhiteElo "1551"]
[BlackElo "1179"]
[PlyCount "39"]
[EventDate "2015.??.??"]
[WhiteTeam "Brühler SK"]
[BlackTeam "Klub Kölner SF"]

1. e4 e5 2. Nf3 Nc6 3. Bc4 Nf6 4. d3 d6 5. O-O Bg4 6. c3 Be7 7. Be3 O-O 8. Nbd2
d5 9. exd5 Nxd5 10. Qc2 Nxe3 11. fxe3 Bg5 12. Nxg5 Qxg5 13. Rae1 Bh3 14. Ne4
Qg6 15. Rf3 Bg4 16. Rg3 Qh5 17. h3 Bd7 18. Nf6+ Kh8 19. Nxh5 Rae8 20. Qf2 1-0

[Event "12. Longericher Sommer-Open B"]
[Site "Köln"]
[Date "2015.08.01"]
[Round "3.15"]
[White "Gail, Edgar"]
[Black "Nanu, Andreas-Christian"]
[Result "1-0"]
[WhiteElo "1529"]
[BlackElo "1125"]
[PlyCount "75"]
[EventDate "2015.??.??"]
[WhiteTeam "Klub Kölner SF"]
[BlackTeam "SG Porz"]

1. e4 c5 2. Nf3 e6 3. d4 cxd4 4. Nxd4 Nf6 5. Nc3 Bb4 6. Bd3 O-O 7. O-O Bxc3 8.
bxc3 Nc6 9. Be3 e5 10. Nb5 d5 11. exd5 Qxd5 12. Nc7 Qd6 13. Bxh7+ Nxh7 14. Qxd6
Rb8 15. Nb5 a6 16. Na7 Rd8 17. Qa3 Bd7 18. Bb6 Re8 19. Qd6 Nxa7 20. Bxa7 Rbc8
21. Qxd7 Red8 22. Qg4 Rxc3 23. Be3 Rxc2 24. Bh6 g6 25. Qe4 Rc5 26. Rad1 Re8 27.
Rd7 Nf6 28. Qxb7 Nxd7 29. Qxd7 Rcc8 30. g3 Rcd8 31. Qh3 a5 32. Bg5 Rd6 33. Re1
Rc6 34. Kg2 e4 35. Qd7 Rcc8 36. Bf6 Rcd8 37. Qh3 Rd1 38. Qh8# 1-0

[Event "12. Longericher Sommer-Open B"]
[Site "Köln"]
[Date "2015.08.01"]
[Round "3.16"]
[White "Jakob, Gudrun"]
[Black "Kähnert, Marc"]
[Result "0-1"]
[WhiteElo "1095"]
[BlackElo "1516"]
[PlyCount "78"]
[EventDate "2015.??.??"]
[WhiteTeam "Klub Kölner SF"]
[BlackTeam "SC Bayer Uerdingen"]

1. e4 d5 2. e5 c5 3. Nf3 a6 4. d4 Bg4 5. Be2 e6 6. Nc3 Bxf3 7. Bxf3 cxd4 8.
Qxd4 Nc6 9. Qd1 Nxe5 10. O-O Nxf3+ 11. Qxf3 Nf6 12. Re1 Be7 13. Bf4 O-O 14.
Rad1 h6 15. Be5 Nd7 16. Bg3 Bf6 17. Bd6 Re8 18. Qg3 Qb6 19. b3 Bxc3 20. Qxc3
Qxd6 21. Qe3 Qc5 22. Qxc5 Nxc5 23. b4 Ne4 24. f3 Nc3 25. Ra1 b5 26. Kf2 Rac8
27. Rec1 Rc4 28. a3 Rec8 29. Ke3 g5 30. Kd3 h5 31. h3 h4 32. Kd2 Kg7 33. Rf1
Kg6 34. Rac1 Kf5 35. g4+ hxg3 36. Kd3 Rh8 37. Rh1 Na4 38. Rcg1 Kf4 39. Rf1 g2
0-1

[Event "12. Longericher Sommer-Open B"]
[Site "Köln"]
[Date "2015.08.01"]
[Round "3.17"]
[White "Beißel, Daniel"]
[Black "Hirsch, Reinhard"]
[Result "1-0"]
[WhiteElo "1513"]
[BlackElo "995"]
[PlyCount "73"]
[EventDate "2015.??.??"]
[WhiteTeam "SV Horrem"]
[BlackTeam "SK Köln-Worringen"]

1. d4 Nf6 2. Nf3 d6 3. e3 g6 4. c4 Bg7 5. Nc3 Nbd7 6. Be2 a6 7. O-O O-O 8. Qc2
Rb8 9. Rd1 c5 10. dxc5 Nxc5 11. b4 Bf5 12. Qb2 Nce4 13. Nd4 Nxc3 14. Qxc3 Ne4
15. Qb3 Rc8 16. Bb2 Be6 17. Nxe6 fxe6 18. f3 Ng5 19. Bxg7 Kxg7 20. h4 Nf7 21.
c5 d5 22. Qb2+ Kg8 23. f4 Nh6 24. Qe5 Qd7 25. h5 Rf5 26. Qd4 Qc7 27. g4 Rf7 28.
hxg6 hxg6 29. Kg2 Rh7 30. Rh1 Rf8 31. Rh3 Nf7 32. Rxh7 Kxh7 33. Rh1+ Kg8 34. g5
e5 35. Qxd5 exf4 36. Qe6 fxe3 37. Qxg6# 1-0

[Event "12. Longericher Sommer-Open B"]
[Site "Köln"]
[Date "2015.08.01"]
[Round "3.18"]
[White "Mag, Martina"]
[Black "Yon, Gregory"]
[Result "0-1"]
[WhiteElo "1051"]
[BlackElo "1506"]
[PlyCount "68"]
[EventDate "2015.??.??"]
[WhiteTeam "Ford SF Köln"]

1. e4 e5 2. Nf3 Nc6 3. Bc4 Nf6 4. d3 Be7 5. O-O O-O 6. c3 d6 7. Bb3 Bg4 8. h3
Bh5 9. Nbd2 Qd7 10. Qe1 a5 11. Ba4 Rfb8 12. Nh4 b5 13. Bc2 a4 14. b4 Bf8 15.
Ndf3 Ne7 16. Bg5 Qe6 17. d4 c6 18. Nf5 Bxf3 19. gxf3 h6 20. Bxf6 Qxf6 21. Kh1
Nxf5 22. exf5 exd4 23. cxd4 d5 24. Rg1 Re8 25. Qf1 Bxb4 26. Rg4 Re7 27. Qg1
Rae8 28. Rf1 Re1 29. Rxe1 Rxe1 30. Qxe1 Bxe1 31. h4 Bxf2 32. Kg2 Bxh4 33. Kh3
Be1 34. Rg2 Qh4# 0-1

[Event "12. Longericher Sommer-Open B"]
[Site "Köln"]
[Date "2015.08.01"]
[Round "3.21"]
[White "Kissmer, Werner"]
[Black "Ipekyilmaz, Tayfun"]
[Result "0-1"]
[WhiteElo "1159"]
[BlackElo "1692"]
[PlyCount "38"]
[EventDate "2015.??.??"]
[WhiteTeam "SV Turm Sankt Augustin"]
[BlackTeam "Langenfelder SF"]

1. f4 e5 2. fxe5 d6 3. Nf3 Nc6 4. e4 Nxe5 5. Nxe5 Qh4+ 6. g3 Qxe4+ 7. Kf2 dxe5
8. Be2 Bc5+ 9. d4 Bxd4+ 10. Ke1 Qxh1+ 11. Kd2 Qxh2 12. c3 Bb6 13. Qf1 Bg4 14.
Na3 O-O-O+ 15. Kc2 Bxe2 16. Qf5+ Kb8 17. Kb3 Bd1+ 18. Nc2 Ne7 19. Bg5 Nxf5 0-1

[Event "12. Longericher Sommer-Open B"]
[Site "Köln"]
[Date "2015.08.01"]
[Round "3.23"]
[White "Baltic, Sara"]
[Black "Zimmer, Elmar"]
[Result "1/2-1/2"]
[WhiteElo "1005"]
[BlackElo "1537"]
[PlyCount "50"]
[EventDate "2015.??.??"]
[WhiteTeam "SG Porz"]
[BlackTeam "SC Kettig"]

1. Nf3 Nf6 2. g3 d5 3. Bg2 Nc6 4. d4 e6 5. O-O Be7 6. c4 O-O 7. a3 a5 8. Qc2 h6
9. Nc3 dxc4 10. Nb5 Bd6 11. Nd2 Na7 12. Nxa7 Rxa7 13. Nxc4 b5 14. Nxd6 cxd6 15.
Be3 d5 16. Bf4 Nh5 17. Qc5 Rb7 18. Bd6 Re8 19. e4 dxe4 20. Bxe4 Rd7 21. Bc6
Rxd6 22. Bxe8 Rd5 23. Qc6 Rd6 24. Qxb5 Rd5 25. Qc6 Rd6 1/2-1/2

[Event "12. Longericher Sommer-Open B"]
[Site "Köln"]
[Date "2015.08.01"]
[Round "3.25"]
[White "Radovinski, Jewgeni"]
[Black "Reiter, Ute"]
[Result "1-0"]
[WhiteElo "1500"]
[BlackElo "1057"]
[PlyCount "125"]
[EventDate "2015.??.??"]
[WhiteTeam "SG Porz"]
[BlackTeam "Brühler SK"]

1. e4 c5 2. Nc3 e6 3. Nge2 Nc6 4. g3 Nf6 5. Bg2 Be7 6. d4 d5 7. exd5 exd5 8.
dxc5 d4 9. Bxc6+ bxc6 10. Qxd4 Qxd4 11. Nxd4 Bb7 12. Nb3 a5 13. a4 O-O 14. O-O
Ba6 15. Re1 Rfe8 16. Be3 Bc4 17. Nd2 Bd5 18. Nxd5 cxd5 19. Nb3 Ne4 20. Rad1 Nf6
21. Bg5 h6 22. Bd2 Rac8 23. Bxa5 Bxc5 24. Rxe8+ Nxe8 25. Rxd5 Bd6 26. c3 Rb8
27. Rb5 Rc8 28. Nd4 g6 29. Bb4 Bf8 30. Bxf8 Kxf8 31. Ne2 Nd6 32. Rd5 Nc4 33. b4
Nb6 34. Ra5 Nc4 35. Rc5 Rxc5 36. bxc5 Ke7 37. Nd4 Kd7 38. Kf1 Na5 39. Ke2 Nc4
40. Kf3 Kc7 41. Ke4 f6 42. Kd5 Nb2 43. a5 Nd1 44. c4 Nxf2 45. a6 Nd3 46. c6
Nb4+ 47. Ke6 Nxa6 48. Kxf6 Nc5 49. Ne6+ Nxe6 50. Kxe6 Kxc6 51. Kf6 g5 52. Kg6
Kc5 53. Kxh6 g4 54. Kg5 Kxc4 55. Kxg4 Kd5 56. Kf5 Kd6 57. Kf6 Kd7 58. g4 Ke8
59. Kg7 Ke7 60. g5 Ke6 61. g6 Kf5 62. Kf7 Kg5 63. g7 1-0

[Event "12. Longericher Sommer-Open B"]
[Site "Köln"]
[Date "2015.08.01"]
[Round "3.26"]
[White "Breuer, Achim"]
[Black "Yu, Moyi"]
[Result "1/2-1/2"]
[WhiteElo "1467"]
[BlackElo "1015"]
[Annotator "Schlösser,Fritz"]
[PlyCount "51"]
[EventDate "2015.??.??"]
[WhiteTeam "SV Bayer Dormagen"]
[BlackTeam "Klub Kölner SF"]

1. d4 d5 2. c4 c6 3. Nf3 Nf6 4. Nc3 Bf5 5. e3 Ne4 6. cxd5 Nxc3 7. bxc3 cxd5 8.
Ne5 Nc6 9. Bb5 Qc7 10. Qa4 Rc8 11. Ba3 a6 12. Bxc6+ bxc6 13. Qxa6 g6 14. O-O
Bg7 15. f4 O-O 16. Rac1 Ra8 17. Qxc6 Qxc6 18. Nxc6 Rxa3 19. Nxe7+ Kh8 20. Nxf5
gxf5 21. Rf2 Re8 22. c4 dxc4 23. Rxc4 Rexe3 24. Rfc2 Re8 25. d5 Bf6 26. d6 {
Restliche ZÃ1/4ge nicht nachvollziehbar und lÃ1/4ckenhaft} 1/2-1/2

[Event "12. Longericher Sommer-Open B"]
[Site "Köln"]
[Date "2015.08.01"]
[Round "3.27"]
[White "Molitor, Simon"]
[Black "Toval, David"]
[Result "0-1"]
[WhiteElo "882"]
[BlackElo "1377"]
[PlyCount "98"]
[EventDate "2015.??.??"]
[WhiteTeam "SF Esch"]
[BlackTeam "SK Münster"]

1. c4 Nf6 2. Nc3 e6 3. Nf3 Bb4 4. g3 b6 5. Bg2 Bb7 6. O-O O-O 7. a3 Bxc3 8.
bxc3 d6 9. d4 Nbd7 10. Bg5 c5 11. e3 Qc7 12. Rb1 Ne4 13. Bf4 Nxc3 14. Qd3 Nxb1
15. Rxb1 f5 16. Ng5 Bxg2 17. Nxe6 Qb7 18. Nxf8 Be4 19. Qb3 Bxb1 20. Nxd7 Be4
21. Nxc5 bxc5 22. Qxb7 Bxb7 23. Bxd6 cxd4 24. exd4 Kf7 25. c5 Ke6 26. Be5 g5
27. Kf1 Kd5 28. Ke2 Re8 29. Ke3 Rxe5+ 30. dxe5 Kxe5 31. f4+ gxf4+ 32. gxf4+ Kd5
33. h4 Kxc5 34. Kf2 Kb5 35. h5 h6 36. Ke3 Kc4 37. Kd2 Kb3 38. Kd3 Kxa3 39. Kd4
Kb4 40. Ke5 Bf3 41. Kxf5 Bxh5 42. Ke6 a5 43. f5 a4 44. f6 a3 45. f7 Bxf7+ 46.
Kxf7 a2 47. Kg6 a1=Q 48. Kxh6 Qg1 49. Kh5 Kc5 0-1

[Event "12. Longericher Sommer-Open B"]
[Site "Köln"]
[Date "2015.08.02"]
[Round "4.2"]
[White "Leschin, Hendrik"]
[Black "Köllner, Aaron Noah"]
[Result "0-1"]
[WhiteElo "1699"]
[BlackElo "1478"]
[PlyCount "38"]
[EventDate "2015.??.??"]
[WhiteTeam "SF Köln-Mülheim"]
[BlackTeam "SV Bergneustadt/Derschlag"]

1. c4 e5 2. g3 Bc5 3. Bg2 a6 4. Nc3 d6 5. e3 Nc6 6. a3 Ba7 7. Nge2 Bd7 8. O-O
h5 9. h3 h4 10. g4 f5 11. gxf5 Bxf5 12. e4 Bd7 13. d3 g5 14. Be3 g4 15. hxg4
Bxg4 16. Bxa7 h3 17. Bxh3 Bxh3 18. Be3 Qh4 19. Ng3 Bg4 0-1

[Event "12. Longericher Sommer-Open B"]
[Site "Köln"]
[Date "2015.08.02"]
[Round "4.3"]
[White "Liebsch, Ulrich"]
[Black "Scheffler, Jürgen"]
[Result "1/2-1/2"]
[WhiteElo "1659"]
[BlackElo "1297"]
[PlyCount "102"]
[EventDate "2015.??.??"]
[WhiteTeam "SC Bayer Leverkusen"]
[BlackTeam "SC Prüm"]

1. Nf3 Nf6 2. c4 c5 3. g3 Nc6 4. Bg2 e6 5. O-O d5 6. cxd5 exd5 7. d4 b6 8. Nc3
Bb7 9. Bg5 Be7 10. dxc5 bxc5 11. Qb3 Na5 12. Qb5+ Bc6 13. Qd3 Rb8 14. b3 O-O
15. Ne5 Ba8 16. Rac1 d4 17. Bxa8 Rxa8 18. Na4 Rc8 19. Rc2 Qd5 20. Nf3 Nc6 21.
Bxf6 Nb4 22. Qc4 Bxf6 23. Qxd5 Nxd5 24. Rxc5 Rxc5 25. Nxc5 Nc3 26. Nd7 Nxe2+
27. Kg2 Rd8 28. Nxf6+ gxf6 29. Rd1 d3 30. Rd2 Nc3 31. Ne1 Nxa2 32. Rxd3 Rxd3
33. Nxd3 a5 34. f4 Kg7 35. Kf3 Kg6 36. h3 f5 37. Ne5+ Kf6 38. Nc6 Nb4 39. Nxa5
h5 40. Nc4 h4 41. Ne5 hxg3 42. Kxg3 Nd5 43. h4 Kg7 44. Nd3 Kh6 45. b4 Nc3 46.
Ne5 f6 47. Nf7+ Kh5 48. Nd6 Ne2+ 49. Kf3 Nd4+ 50. Kg3 Ne2+ 51. Kf3 Nd4+ 1/2-1/2

[Event "12. Longericher Sommer-Open B"]
[Site "Köln"]
[Date "2015.08.02"]
[Round "4.4"]
[White "Vjazner, Lilian"]
[Black "Kürten, Lothar"]
[Result "1/2-1/2"]
[WhiteElo "1465"]
[BlackElo "1606"]
[PlyCount "66"]
[EventDate "2015.??.??"]
[WhiteTeam "Klub Kölner SF"]
[BlackTeam "SF Köln-Longerich"]

1. e4 e6 2. d4 d5 3. exd5 exd5 4. Nf3 Nf6 5. Bg5 Be7 6. Nc3 O-O 7. Be2 Bg4 8.
O-O Nbd7 9. Re1 Re8 10. Qd3 Nf8 11. h3 Bh5 12. Ne5 Bxe2 13. Rxe2 Ne6 14. Bd2
Nh5 15. g3 Bg5 16. Bxg5 Qxg5 17. h4 Qd8 18. Qd2 c6 19. Rae1 Qc7 20. Na4 Nf6 21.
Nc3 Rad8 22. b3 a6 23. a4 b6 24. Qd3 c5 25. dxc5 Nxc5 26. Qf5 d4 27. Na2 Ne6
28. Nb4 a5 29. Nbd3 Nd5 30. Rd2 f6 31. Nf3 g6 32. Qh3 Ng7 33. Rxe8+ Rxe8
1/2-1/2

[Event "12. Longericher Sommer-Open B"]
[Site "Köln"]
[Date "2015.08.02"]
[Round "4.5"]
[White "Pislaru, Marius"]
[Black "Siepen, Ralf"]
[Result "0-1"]
[WhiteElo "1556"]
[BlackElo "1430"]
[PlyCount "82"]
[EventDate "2015.??.??"]
[WhiteTeam "SG Porz"]
[BlackTeam "SC Bayer Uerdingen"]

1. Nf3 d5 2. c4 c6 3. g3 Nf6 4. Bg2 g6 5. O-O Bg7 6. d4 O-O 7. Nc3 Nbd7 8. Qc2
b6 9. e4 dxe4 10. Nxe4 Bb7 11. Bf4 Nxe4 12. Qxe4 Nf6 13. Qe2 Nh5 14. Be3 Re8
15. Rad1 Qc7 16. Qd2 Rad8 17. g4 Nf6 18. Bf4 Qc8 19. h3 e6 20. Bh6 c5 21. Bxg7
Kxg7 22. Qc3 cxd4 23. Nxd4 Bxg2 24. Kxg2 Qb7+ 25. f3 Kg8 26. Nb5 Rxd1 27. Rxd1
Qe7 28. a3 e5 29. Rd6 a6 30. Rxb6 axb5 31. Rxb5 e4 32. f4 e3 33. Re5 Qb7+ 34.
Kg1 Rxe5 35. Qxe5 Qf3 36. Qb8+ Kg7 37. g5 Qg3+ 38. Kh1 Qxh3+ 39. Kg1 Qg3+ 40.
Kh1 Ng4 41. Qb6 Nf2# 0-1

[Event "12. Longericher Sommer-Open B"]
[Site "Köln"]
[Date "2015.08.02"]
[Round "4.6"]
[White "Klemenz, Luca"]
[Black "Plitt, Stefan"]
[Result "0-1"]
[WhiteElo "782"]
[BlackElo "1655"]
[PlyCount "104"]
[EventDate "2015.??.??"]
[WhiteTeam "SF Esch"]
[BlackTeam "SV Grünfeld"]

1. Nf3 d5 2. c4 d4 3. e3 c5 4. b4 Nc6 5. bxc5 e5 6. exd4 exd4 7. d3 Bxc5 8. g3
Nf6 9. Bg2 Qe7+ 10. Qe2 Qxe2+ 11. Kxe2 O-O 12. Re1 Bf5 13. Nh4 Rfe8+ 14. Kd2
Bb4+ 15. Kc2 Bxd3+ 16. Kxd3 Rxe1 17. Bd2 Ne5+ 18. Kc2 d3+ 19. Kb2 Nxc4+ 20. Kb3
Nxd2+ 21. Nxd2 Rxa1 22. Kxb4 Rxa2 23. Nhf3 Rc8 24. Kb3 Rcc2 25. Bf1 Rab2+ 26.
Ka3 Rxd2 27. Nxd2 Rxd2 28. Kb3 Rxf2 29. Bxd3 Rf3 30. Kc4 Rxd3 31. Kxd3 Kf8 32.
Kc4 Ke7 33. Kc5 Ne4+ 34. Kd5 f5 35. Ke5 g6 36. g4 a5 37. gxf5 gxf5 38. Kxf5 a4
39. Kxe4 a3 40. Kd3 a2 41. Kc4 a1=Q 42. h4 Qa4+ 43. Kc3 b5 44. Kd3 b4 45. Kd2
b3 46. Ke3 Qa2 47. Kd3 b2 48. Kc2 b1=Q+ 49. Kc3 Qe4 50. h5 Qa3+ 51. Kd2 Qg2+
52. Kd1 Qa1# 0-1

[Event "12. Longericher Sommer-Open B"]
[Site "Köln"]
[Date "2015.08.02"]
[Round "4.7"]
[White "Havenith, Michael"]
[Black "Gail, Edgar"]
[Result "1-0"]
[WhiteElo "1646"]
[BlackElo "1529"]
[Annotator "Schlösser,Fritz"]
[PlyCount "31"]
[EventDate "2015.??.??"]
[WhiteTeam "SV Würselen"]
[BlackTeam "Klub Kölner SF"]

1. c4 e6 2. Nf3 d5 3. e3 c5 4. cxd5 exd5 5. d4 Nc6 6. Nc3 Nf6 7. Be2 Be7 8. O-O
O-O 9. dxc5 Bf5 10. Nd4 Bg6 11. Nxc6 bxc6 12. Bd2 Bxc5 13. Na4 Bd6 14. Rc1 Qc7
15. h3 Ne4 16. Nc3 {Handy klingelte} 1-0

[Event "12. Longericher Sommer-Open B"]
[Site "Köln"]
[Date "2015.08.02"]
[Round "4.8"]
[White "Schwab, Wolfgang"]
[Black "Kähnert, Marc"]
[Result "1/2-1/2"]
[WhiteElo "1584"]
[BlackElo "1516"]
[PlyCount "90"]
[EventDate "2015.??.??"]
[WhiteTeam "SV Turm Sankt Augustin"]
[BlackTeam "SC Bayer Uerdingen"]

1. c4 c6 2. Nf3 d5 3. cxd5 cxd5 4. d4 Nc6 5. Bf4 Nf6 6. e3 Qa5+ 7. Nbd2 Ne4 8.
Be2 Nxd2 9. Nxd2 e6 10. O-O Be7 11. a3 O-O 12. b4 Qd8 13. Nb3 Bd6 14. Bxd6 Qxd6
15. Rc1 b6 16. Bd3 f5 17. f4 Bd7 18. Rf3 Ne7 19. Rh3 g6 20. Nd2 Rac8 21. Nf3
Rxc1 22. Qxc1 Rc8 23. Qd2 Qc7 24. Ng5 Qc1+ 25. Qxc1 Rxc1+ 26. Kf2 h5 27. Nf3
Rc3 28. Ne5 Be8 29. Rg3 Rxa3 30. Be2 Ra2 31. Ke1 Kh7 32. Nf3 Kg7 33. Ne5 Kf6
34. h3 Nc6 35. Bb5 Nxe5 36. fxe5+ Ke7 37. Bxe8 Kxe8 38. Rxg6 Kf7 39. Rf6+ Ke7
40. Kf1 Rb2 41. Rh6 a6 42. Rh7+ Kf8 43. Ra7 Rxb4 44. Rxa6 Kf7 45. Ra7+ Kf8
1/2-1/2

[Event "12. Longericher Sommer-Open B"]
[Site "Köln"]
[Date "2015.08.02"]
[Round "4.9"]
[White "Falge, Rainer"]
[Black "Beißel, Daniel"]
[Result "0-1"]
[WhiteElo "1572"]
[BlackElo "1513"]
[PlyCount "66"]
[EventDate "2015.??.??"]
[WhiteTeam "SG Solingen"]
[BlackTeam "SV Horrem"]

1. e4 c5 2. Nf3 Nc6 3. d4 cxd4 4. Nxd4 d6 5. Nc3 g6 6. Bc4 Nf6 7. f3 Bg7 8. O-O
Nd7 9. Nce2 Na5 10. Bb3 Nxb3 11. Nxb3 O-O 12. Kh1 b6 13. c3 Ba6 14. Re1 Nc5 15.
Ned4 Nd3 16. Qe2 e5 17. Nc2 Qc8 18. Rd1 Nxc1 19. Qe3 Nxb3 20. axb3 Rd8 21. Nb4
Bb7 22. Nd5 Bxd5 23. Rxd5 Qd7 24. Rad1 Bf8 25. Rxe5 dxe5 26. Rxd7 Rxd7 27. h3
Kg7 28. b4 Rad8 29. h4 a5 30. f4 exf4 31. Qxf4 f6 32. g4 Rd1+ 33. Kh2 Bd6 0-1

[Event "12. Longericher Sommer-Open B"]
[Site "Köln"]
[Date "2015.08.02"]
[Round "4.11"]
[White "Klein, Andreas"]
[Black "Thierkopf, Constantin"]
[Result "0-1"]
[WhiteElo "1483"]
[BlackElo "1551"]
[PlyCount "96"]
[EventDate "2015.??.??"]
[WhiteTeam "Klub Kölner SF"]
[BlackTeam "Brühler SK"]

1. d4 d5 2. c4 c6 3. cxd5 cxd5 4. Nc3 Nf6 5. Bf4 e6 6. Nf3 Bb4 7. e3 O-O 8. Bd3
b6 9. O-O Ba6 10. Nb5 Nh5 11. Rc1 Nxf4 12. exf4 Bxb5 13. Bxb5 Nd7 14. Qa4 Bd6
15. Bxd7 Bxf4 16. Rc2 a6 17. Bc6 b5 18. Qb3 Rc8 19. Bb7 Rb8 20. Bc6 Rb6 21. Ne5
Bxe5 22. dxe5 Qg5 23. Qe3 Qxe3 24. fxe3 Rc8 25. Rfc1 Kf8 26. Kf2 Ke7 27. Ke2 f6
28. exf6+ gxf6 29. a4 Kd6 30. axb5 axb5 31. Bxd5 Rxc2+ 32. Rxc2 Kxd5 33. Kd3
Rc6 34. e4+ Kd6 35. Rxc6+ Kxc6 36. b4 Kd6 37. Kd4 e5+ 38. Kd3 h5 39. g3 Ke6 40.
h3 f5 41. exf5+ Kxf5 42. g4+ hxg4 43. hxg4+ Kf4 44. g5 Kxg5 45. Ke4 Kf6 46. Ke3
Ke6 47. Ke4 Kd6 48. Kd3 Kd5 0-1

[Event "12. Longericher Sommer-Open B"]
[Site "Köln"]
[Date "2015.08.02"]
[Round "4.12"]
[White "Fischer, Bastian"]
[Black "Mohammadi Nia, Nosratollah"]
[Result "1-0"]
[WhiteElo "1476"]
[BlackElo "1231"]
[PlyCount "147"]
[EventDate "2015.??.??"]
[WhiteTeam "SC Vaterstetten"]
[BlackTeam "DJK Aufwärts Aachen"]

1. e4 e5 2. f4 d6 3. Nf3 exf4 4. Bc4 Be6 5. Bxe6 fxe6 6. d4 g5 7. O-O Qf6 8.
Nc3 a6 9. e5 Qf5 10. exd6 Bxd6 11. Re1 Nd7 12. Qe2 Nf8 13. d5 O-O-O 14. dxe6
Ne7 15. Ne4 h6 16. Nd4 Qe5 17. Nxd6+ Qxd6 18. Nb3 Qb6+ 19. Kh1 Rd6 20. Qh5 Nxe6
21. Bd2 Nf5 22. Bc3 Rhd8 23. Be5 Rc6 24. Bf6 Rf8 25. Rad1 Rd6 26. Rxd6 Qxd6 27.
Be5 Qd5 28. Qe2 Ne3 29. Bc3 g4 30. Bd2 Nd4 31. Qf2 g3 32. hxg3 Qh5+ 33. Kg1 Ng4
34. Qxd4 Qh2+ 35. Kf1 fxg3+ 36. Ke2 Qxg2+ 37. Kd1 Qf3+ 38. Kc1 Qg2 39. Qxg4+
Kb8 40. Qd1 h5 41. Qxh5 Rf1 42. Qd1 Rxe1 43. Bxe1 Qg1 44. Qd8+ Ka7 45. Qd4+
Qxd4 46. Nxd4 g2 47. Bf2 Kb8 48. Ne6 b5 49. Nf4 Kb7 50. Nxg2 Kc6 51. b3 Kd5 52.
Nf4+ Ke4 53. Ng6 Kd5 54. Kd2 c5 55. Nf4+ Kc6 56. c4 bxc4 57. bxc4 Kb6 58. Kc3
Ka5 59. Kb3 Kb6 60. Ne6 Ka5 61. Nxc5 Kb6 62. Ne6+ Ka5 63. Be1+ Kb6 64. Bb4 Kc6
65. Nd4+ Kb6 66. c5+ Kc7 67. c6 Kc8 68. Bc5 Kc7 69. Ka4 Kc8 70. Ka5 Kc7 71.
Kxa6 Kc8 72. Kb6 Kb8 73. Bd6+ Kc8 74. a4 1-0

[Event "12. Longericher Sommer-Open B"]
[Site "Köln"]
[Date "2015.08.02"]
[Round "4.13"]
[White "Ipekyilmaz, Tayfun"]
[Black "van der Valk, Reiner"]
[Result "1-0"]
[WhiteElo "1692"]
[BlackElo "1450"]
[PlyCount "79"]
[EventDate "2015.??.??"]
[WhiteTeam "Langenfelder SF"]
[BlackTeam "SG Nettetal"]

1. e4 c6 2. d4 d5 3. e5 Bf5 4. Nf3 e6 5. Bd3 Bxd3 6. Qxd3 Ne7 7. Bg5 Qb6 8. Nc3
Nf5 9. g4 Ne7 10. O-O-O Nd7 11. Bd2 Ng6 12. h4 c5 13. h5 c4 14. Qe3 Ne7 15. Ng5
h6 16. Nh3 Nc6 17. Be1 Bb4 18. g5 O-O-O 19. a3 Be7 20. Ne2 Kb8 21. Qf4 Rhf8 22.
Bc3 Ka8 23. gxh6 gxh6 24. Qxh6 Rh8 25. Qg7 f6 26. exf6 Bxf6 27. Qf7 Ne7 28.
Nhf4 Rdf8 29. Qxe6 Qxe6 30. Nxe6 Rfg8 31. N2f4 Bg5 32. Nxg5 Rxg5 33. Rdg1 Rhg8
34. Rxg5 Rxg5 35. h6 Nf6 36. h7 Nxh7 37. Rxh7 Nc6 38. Rh8+ Nb8 39. Ne6 a6 40.
Nxg5 1-0

[Event "12. Longericher Sommer-Open B"]
[Site "Köln"]
[Date "2015.08.02"]
[Round "4.14"]
[White "Kühlwein, Ralf"]
[Black "Sewald, Richard"]
[Result "1/2-1/2"]
[WhiteElo "1412"]
[BlackElo "1665"]
[PlyCount "148"]
[EventDate "2015.??.??"]
[WhiteTeam "Klub Kölner SF"]
[BlackTeam "SG Porz"]

1. d4 Nf6 2. c4 e6 3. Nc3 Bb4 4. Qc2 b6 5. e4 Bxc3+ 6. bxc3 Bb7 7. d5 exd5 8.
cxd5 O-O 9. Bg5 h6 10. Bh4 Qe7 11. Bxf6 Qxf6 12. Rd1 Na6 13. g3 Nc5 14. Bg2 d6
15. Ne2 Rfe8 16. O-O Qg6 17. Nf4 Qf6 18. Rfe1 Ba6 19. c4 Re7 20. Re3 Re5 21.
Nd3 Nxd3 22. Qxd3 Ree8 23. Qc2 Qe7 24. a4 Bc8 25. h3 Bd7 26. Ra1 Qe5 27. Qc3
Qxc3 28. Rxc3 a5 29. Re3 f6 30. Kh2 Re7 31. h4 Rae8 32. f3 f5 33. Raa3 fxe4 34.
fxe4 Re5 35. Ra1 Rf8 36. Rf3 Rfe8 37. Re3 Bg4 38. Rf1 Rf8 39. Rxf8+ Kxf8 40.
Re1 Ke7 41. Kg1 Bd7 42. Ra1 Kd8 43. Kf2 c6 44. Ke3 cxd5 45. cxd5 Kc7 46. Kf4
g5+ 47. hxg5 Rxg5 48. Bf1 Rh5 49. Bb5 Bxb5 50. axb5 Rh2 51. Rc1+ Kb7 52. Rc6
Rf2+ 53. Ke3 Rf6 54. Kd4 Rg6 55. Rc3 h5 56. Ra3 Rg4 57. Re3 h4 58. gxh4 Rxh4
59. Rc3 Rg4 60. Ra3 Rg7 61. Rc3 Rc7 62. Rc6 Rxc6 63. dxc6+ Kb8 64. e5 dxe5+ 65.
Kxe5 Kc7 66. Kd4 Kd6 67. Kc3 Kc7 68. Kd4 Kb8 69. Kd5 Kc8 70. Kc4 Kc7 71. Kd5
Kd8 72. Kc4 Ke7 73. Kd5 Kd8 74. Kc4 Kc7 1/2-1/2

[Event "12. Longericher Sommer-Open B"]
[Site "Köln"]
[Date "2015.08.02"]
[Round "4.15"]
[White "Havenith, Julia"]
[Black "Hingst, Dieter Max Otto"]
[Result "1-0"]
[WhiteElo "1564"]
[BlackElo "896"]
[PlyCount "55"]
[EventDate "2015.??.??"]
[WhiteTeam "SV Würselen"]
[BlackTeam "Brühler SK"]

1. e4 e5 2. Nf3 Nc6 3. Bb5 d6 4. O-O a6 5. Ba4 b5 6. Bb3 Be6 7. c3 Bxb3 8. Qxb3
Rb8 9. d4 exd4 10. cxd4 h6 11. Nc3 Nf6 12. Bf4 g5 13. Bg3 g4 14. Nh4 Nxd4 15.
Qd1 Ne6 16. Nf5 Nh5 17. Bh4 f6 18. Qxg4 Nhf4 19. Nd5 h5 20. Qf3 Nxd5 21. exd5
Ng5 22. Qe3+ Be7 23. Rfe1 Kd7 24. Bxg5 fxg5 25. Qe6+ Ke8 26. Nxe7 Qd7 27. Nc6+
Kf8 28. Qxd7 1-0

[Event "12. Longericher Sommer-Open B"]
[Site "Köln"]
[Date "2015.08.02"]
[Round "4.16"]
[White "Ipekyilmaz, Mert"]
[Black "Radovinski, Jewgeni"]
[Result "0-1"]
[WhiteElo "1205"]
[BlackElo "1500"]
[PlyCount "66"]
[EventDate "2015.??.??"]
[WhiteTeam "Langenfelder SF"]
[BlackTeam "SG Porz"]

1. e4 e5 2. Nf3 Nc6 3. Nc3 Nf6 4. d4 exd4 5. Nxd4 Bb4 6. Nxc6 bxc6 7. Bd3 d5 8.
O-O Bxc3 9. bxc3 dxe4 10. Re1 O-O 11. Bc4 Bg4 12. Qxd8 Rfxd8 13. Bg5 Bf5 14.
Bb3 Rd6 15. Bf4 Rd7 16. Ba4 Re7 17. Bxc6 Rb8 18. Rab1 Rb6 19. Rxb6 cxb6 20. Rd1
h6 21. Bd6 Re6 22. Bd5 Nxd5 23. Rxd5 Bg6 24. Bb8 Rc6 25. Bxa7 Rxc3 26. h3 Rxc2
27. Bxb6 Rxa2 28. Be3 f6 29. Rd7 Ra6 30. h4 f5 31. g3 Bh5 32. Rd5 Ra1+ 33. Kh2
Bf3 0-1